Fundamentals of statistics. 2V (Record no. 158520)

MARC details
000 -LEADER
fixed length control field 00378nam a2200157Ia 4500
008 - FIXED-LENGTH DATA ELEMENTS--GENERAL INFORMATION
fixed length control field 230917s9999||||xx |||||||||||||| ||und||
040 ## - CATALOGING SOURCE
-- 165276
Original cataloging agency VIVEKANANDA LIBRARY
041 ## - Language
-- English
082 ## - DDC NUMBER
Classification number 519.5 G643F
100 ## - MAIN ENTRY--PERSONAL NAME
Personal name Gun, A M
245 #0 - TITLE STATEMENT
Title Fundamentals of statistics. 2V
250 ## - EDITION STATEMENT
Edition statement 9th ed.
260 ## - PUBLICATION, DISTRIBUTION, ETC. (IMPRINT)
Place of publication, distribution, etc Kolkata
Name of publisher, distributor, etc World Press
Date of publication, distribution, etc 2005
300 ## - PHYSICAL DESCRIPTION
Pages 619 , 598 p.
942 ## - ADDED ENTRY ELEMENTS (KOHA)
Koha item type Books
Holdings
Withdrawn status Lost status Damaged status Not for loan Location (home branch) Sublocation or collection (holding branch) Date acquired Koha issues (times borrowed) Koha full call number Accession No. Koha date last seen Koha item type
        VIVEKANANDA LIBRARY VIVEKANANDA LIBRARY 29/10/2010 6 519.5 G643F 291185 04/09/2025 Books
        VIVEKANANDA LIBRARY VIVEKANANDA LIBRARY 29/10/2010   519.5 G643F 291186 17/09/2023 Books
        VIVEKANANDA LIBRARY VIVEKANANDA LIBRARY 29/10/2010   519.5 G643F 291187 17/09/2023 Books
        VIVEKANANDA LIBRARY VIVEKANANDA LIBRARY 29/10/2010 1 519.5 G643F 291188 15/04/2024 Books
        VIVEKANANDA LIBRARY VIVEKANANDA LIBRARY 29/10/2010 4 519.5 G643F 291189 28/10/2025 Books
        VIVEKANANDA LIBRARY VIVEKANANDA LIBRARY 29/10/2010   519.5 G643F 291190 17/09/2023 Books
        VIVEKANANDA LIBRARY VIVEKANANDA LIBRARY 29/10/2010   519.5 G643F 291191 17/09/2023 Books
        VIVEKANANDA LIBRARY VIVEKANANDA LIBRARY 29/10/2010   519.5 G643F 291192 17/09/2023 Books
        VIVEKANANDA LIBRARY VIVEKANANDA LIBRARY 29/10/2010 2 519.5 G643F 291193 13/05/2025 Books
        VIVEKANANDA LIBRARY VIVEKANANDA LIBRARY 29/10/2010 4 519.5 G643F 291194 13/11/2025 Books
        VIVEKANANDA LIBRARY VIVEKANANDA LIBRARY 29/10/2010 1 519.5 G643F 291195 17/12/2024 Books
        VIVEKANANDA LIBRARY VIVEKANANDA LIBRARY 29/10/2010 2 519.5 G643F 291196 03/01/2025 Books
        VIVEKANANDA LIBRARY VIVEKANANDA LIBRARY 29/10/2010   519.5 G643F 291199 17/09/2023 Books
        VIVEKANANDA LIBRARY VIVEKANANDA LIBRARY 29/10/2010 1 519.5 G643F 291200 03/10/2025 Books
        VIVEKANANDA LIBRARY VIVEKANANDA LIBRARY 29/10/2010 1 519.5 G643F 291203 14/10/2023 Books
        VIVEKANANDA LIBRARY VIVEKANANDA LIBRARY 29/10/2010   519.5 G643F 291204 17/09/2023 Books
© Designed and Maintained by Vivekananda Library, MDU Rohtak